01071nam a2200253 a 4500001001000000003000500010005001700015008004100032010001100073011001100084040000900095100004400104245025600148260004100404500006000445502008200505650003100587650001700618650003200635650002100667650002800688700003100716856007000747000112310CHAP20220329144256.0160301s2016 mx a fsm |||||||spa d a108771 a109743 cCHAP1 aIbáñez Rodríguez, Dania Guadalupe10aProducción de semilla de dos gramíneas nativas Hilaria cenchroides (Kunth) y Muhlenbergia phleoides (Kunth) Columbus, con potencial para restaurar agostaderos /h[En línea]cpor Dania Guadalupe Ibáñez Rodríguez y Miguel Angel Medel Rivera. aChapingo, Méx. :bEl autor,c2016. aPara ver el contenido del material haga clic en la liga aTesis (Ing. en Recursos Naturales Renovables) -- UACH. Departamento de Suelos14aCoeficiente de agostadero.14aGramíneas.14aPastos forrajerosxSemilla.14aPastosxSemilla.14aSemillasxProducción.1 aMedel Rivera, Miguel Angel aFinding aiduhttp://10.13.5.2/tesis/sist112310.pdfzTeclea aquí